000 01092nam0a22002891 4500
001 rc\3379853
005 20130115153804.0
021 _aRU
_b72-55426
021 _aRU
_bРг1744-73
035 _a(NLR Aleph) 007451945
090 _a7225401
_c7225401
100 _a20130115d1972 |||y0rusy50 ca
101 0 _arus
102 _aRU
105 _aa z |||||
200 1 _aТеория и практика потенциометрии и потенциометрического титрования
_eЛаб. пособие
_fПод общ. ред. акад. И.П. Алимарина
_gМоск. гос. ун-т им. М.В. Ломоносова. Хим. фак. Кафедра аналит. химии
210 _aМосква
_cБ. и.
_d1972
215 _a138 с.
_cил.
_d20
320 _aБиблиогр.: с. 135
700 1 _aАгасян
_bП. К.
_gПерч Карлович
701 1 _aНиколаев
_bЕ. Р.
702 1 _aАлимарин
_bИ. П.
_4340
801 0 _aRU
_bNLR
_gpsbo
801 1 _aRU
_bELAR
_2rusmarc
852 _aNLR
_j72-3/10595
942 _cBOOK
980 _aNB